|
|
|
|
| LEADER |
00000nam0a2200000 4500 |
| 001 |
333030 |
| 005 |
20231102004520.0 |
| 035 |
|
|
|a (RuTPU)RU\TPU\book\359025
|
| 090 |
|
|
|a 333030
|
| 100 |
|
|
|a 20170606d1957 m y0rusy50 ca
|
| 101 |
0 |
|
|a rus
|
| 102 |
|
|
|a RU
|
| 105 |
|
|
|a a z 000zy
|
| 200 |
1 |
|
|a Избранные произведения
|e [альбом]
|f А. С. Голубкина
|g авт. предисл. С. Лукьянов
|
| 210 |
|
|
|a Москва
|c Советский художник
|d 1957
|
| 215 |
|
|
|a 10 с.
|c ил.
|
| 606 |
1 |
|
|a Скульпторы
|2 stltpush
|3 (RuTPU)RU\TPU\subj\55078
|9 73150
|
| 610 |
1 |
|
|a искусство
|
| 610 |
1 |
|
|a скульптура
|
| 610 |
1 |
|
|a Россия
|
| 610 |
1 |
|
|a 20 век
|
| 610 |
1 |
|
|a биографии
|
| 610 |
1 |
|
|a творчество
|
| 610 |
1 |
|
|a скульптуры
|
| 610 |
1 |
|
|a альбомы
|
| 675 |
|
|
|a 73.071(092)
|v 4
|
| 700 |
|
1 |
|a Голубкина
|b А. С.
|c российский скульптор
|f 1864-1927
|g Анна Семеновна
|2 stltpush
|3 (RuTPU)RU\TPU\pers\11984
|9 3092
|
| 702 |
|
1 |
|a Лукьянов
|b С.
|4 080
|
| 801 |
|
1 |
|a RU
|b 63413507
|c 20170606
|
| 801 |
|
2 |
|a RU
|b 63413507
|c 20201026
|g RCR
|
| 942 |
|
|
|c BK
|